Statistics for 30 Biggest cities in Croatia

Click here to take the quiz!

General Stats

  • This quiz has been taken 2,458 times
  • The average score is 17 of 30

Answer Stats

PopulationCity% Correct
792,875Zagreb
100%
178,192Split
99%
42,641Dubrovnik
95%
128,735Rijeka
92%
75,082Zadar
91%
57,765Pula
90%
107,784Osijek
89%
46,372Šibenik
79%
28,016Vukovar
79%
47,055Varaždin
75%
55,981Karlovac
74%
59,507Slavonski Brod
73%
47,699Sisak
63%
35,375Vinkovci
57%
27,227Čakovec
54%
63,511Velika Gorica
53%
40,443Bjelovar
52%
30,872Koprivnica
50%
26,403Požega
49%
21,327Virovitica
48%
25,226Zaprešić
38%
37,607Samobor
38%
27,798Đakovo
38%
24,832Sinj
36%
24,786Petrinja
28%
22,815Kutina
27%
21,155Križevci
27%
38,474Kaštela
24%
23,985Solin
22%
18,032Sveta Nedelja
7%

Score Distribution

Percentile by Number Answered

Percent of People with Each Score

Your Score History

You have not taken this quiz